Normal view
MARC view
- Farnol,Jeffry
Entry Personal Name
001 - CONTROL NUMBER
- control field: 112579
003 - CONTROL NUMBER IDENTIFIER
- control field: NUST
005 - DATE AND TIME OF LATEST TRANSACTION
- control field: 20230525112803.0
008 - FIXED-LENGTH DATA ELEMENTS
- fixed length control field: 230525|| aca||aabn | a|a d
040 ## - CATALOGING SOURCE
- Original cataloging agency: NUST
- Transcribing agency: NUST
100 ## - HEADING--PERSONAL NAME
- Personal name: Farnol,Jeffry
670 ## - SOURCE DATA FOUND
- Source citation: Work cat.: (NUST)186688: Farnol,Jeffry, Epics of The Fancy
